000 00344nam a22001457a 4500
008 210527b ||||| |||| 00| 0 eng d
020 _a2901418052330
041 _aeng
080 _23rd
_a610.73
082 _a610.73
100 _a1
101 _aINF
245 _aFundamental & Advanced Nursing Skills
_cGaylene B. Altman
942 _2udc
_cBK
999 _c57671
_d57671